000 00940cam a2200325 4500
001 ABS63410
008 000000n2001 000 0 eng u
035 _a(Sirsi) u110771
245 _aRegional survey: West Midlands
260 _c2001
490 _aProperty Week
_v66(4) 26 January 2001, 67-86(9)
590 _aABS
650 _aBIRMINGHAM
650 _aCOVENTRY
650 _aDUDLEY
650 _aHOUSING MARKET
650 _aINDUSTRIAL MARKET
650 _aLEAMINGTON SPA
650 _aMERRY HILL
650 _aPROPERTY-COMMERCIAL PROPERTY-OFFICE PROPERTY-OFFICE PROPERTY MARKET
650 _aPROPERTY-COMMERCIAL PROPERTY-RETAIL PROPERTY-RETAIL PROPERTY MARKET
650 _aSOLIHULL
650 _aSUTTON COLDFIELD
650 _aWALSALL
650 _aWEST BROMWICH
650 _aWOLVERHAMPTON
650 _aWEST MIDLANDS
690 _aPROPERTY-COMMERCIAL PROPERTY-COMMERCIAL PROPERTY MARKET
942 _n0
999 _c66032
_d66032